<?xml version="1.0" encoding="UTF-8"?>
<record
    xmlns:xsi="http://www.w3.org/2001/XMLSchema-instance"
    xsi:schemaLocation="http://www.loc.gov/MARC21/slim http://www.loc.gov/standards/marcxml/schema/MARC21slim.xsd"
    xmlns="http://www.loc.gov/MARC21/slim">

  <leader>00656nam a22001577a 4500</leader>
  <controlfield tag="003">OSt</controlfield>
  <controlfield tag="005">20161123091812.0</controlfield>
  <controlfield tag="008">161123b        xxu||||| |||| 00| 0 eng d</controlfield>
  <datafield tag="040" ind1=" " ind2=" ">
    <subfield code="c">RUA</subfield>
  </datafield>
  <datafield tag="082" ind1=" " ind2=" ">
    <subfield code="a">VEM KHE 2015 B534 Or.1</subfield>
  </datafield>
  <datafield tag="100" ind1=" " ind2=" ">
    <subfield code="9">11297</subfield>
    <subfield code="a">KHEN RAT; &#x1781;&#x17C1;&#x1793;&#x200B; &#x179A;&#x17C9;&#x17B6;&#x178F;&#x17CB;</subfield>
  </datafield>
  <datafield tag="245" ind1=" " ind2=" ">
    <subfield code="a">Epidemiologycal on newcastle disease in angsnoul district, kandal province, &#x179F;&#x17B7;&#x1780;&#x17D2;&#x179F;&#x17B6;&#x1780;&#x1798;&#x17D2;&#x179A;&#x17B7;&#x178F;&#x179A;&#x17B6;&#x179B;&#x178A;&#x17B6;&#x179B;&#x1793;&#x17C3;&#x1787;&#x17C6;&#x1784;&#x17BA;&#x178A;&#x1784;&#x17D2;&#x1780;&#x17C4;&#x1780;&#x17B6;&#x1785;&#x17CB;&#x1780;&#x17D2;&#x1793;&#x17BB;&#x1784;&#x179F;&#x17D2;&#x179A;&#x17BB;&#x1780;&#x17A2;&#x1784;&#x17D2;&#x1782;&#x179F;&#x17D2;&#x1793;&#x17BD;&#x179B; &#x1781;&#x17C1;&#x178F;&#x17D2;&#x178F;&#x1780;&#x178E;&#x17D2;&#x178A;&#x17B6;&#x179B;</subfield>
  </datafield>
  <datafield tag="260" ind1=" " ind2=" ">
    <subfield code="a">Phnom penh</subfield>
    <subfield code="b">KHE</subfield>
    <subfield code="c">2015</subfield>
  </datafield>
  <datafield tag="300" ind1=" " ind2=" ">
    <subfield code="a">x,39p.</subfield>
    <subfield code="b">ill.</subfield>
    <subfield code="c">29cm.</subfield>
  </datafield>
  <datafield tag="942" ind1=" " ind2=" ">
    <subfield code="2">ddc</subfield>
    <subfield code="c">VEM</subfield>
  </datafield>
  <datafield tag="999" ind1=" " ind2=" ">
    <subfield code="c">10863</subfield>
    <subfield code="d">10863</subfield>
  </datafield>
  <datafield tag="952" ind1=" " ind2=" ">
    <subfield code="0">0</subfield>
    <subfield code="1">0</subfield>
    <subfield code="2">ddc</subfield>
    <subfield code="4">0</subfield>
    <subfield code="6">VEM_KHE_2015_000000000000000_B534_OR_1</subfield>
    <subfield code="7">0</subfield>
    <subfield code="9">57025</subfield>
    <subfield code="a">LBB</subfield>
    <subfield code="b">LBB</subfield>
    <subfield code="c">B534</subfield>
    <subfield code="d">2016-11-23</subfield>
    <subfield code="o">VEM KHE 2015 B534 Or.1</subfield>
    <subfield code="p">A03302</subfield>
    <subfield code="r">2016-11-23</subfield>
    <subfield code="w">2016-11-23</subfield>
    <subfield code="y">VEM</subfield>
  </datafield>
  <datafield tag="952" ind1=" " ind2=" ">
    <subfield code="0">0</subfield>
    <subfield code="1">0</subfield>
    <subfield code="2">ddc</subfield>
    <subfield code="4">0</subfield>
    <subfield code="6">VEM_KHE_2015_000000000000000_B534_OR_2</subfield>
    <subfield code="7">0</subfield>
    <subfield code="9">57026</subfield>
    <subfield code="a">LBB</subfield>
    <subfield code="b">LBB</subfield>
    <subfield code="c">B534</subfield>
    <subfield code="d">2016-11-23</subfield>
    <subfield code="o">VEM KHE 2015 B534 Or.2</subfield>
    <subfield code="p">A04253</subfield>
    <subfield code="r">2016-11-23</subfield>
    <subfield code="w">2016-11-23</subfield>
    <subfield code="y">VEM</subfield>
  </datafield>
  <datafield tag="952" ind1=" " ind2=" ">
    <subfield code="0">0</subfield>
    <subfield code="1">0</subfield>
    <subfield code="2">ddc</subfield>
    <subfield code="4">0</subfield>
    <subfield code="6">VEM_KHE_2015_000000000000000_B534_OR_3</subfield>
    <subfield code="7">0</subfield>
    <subfield code="9">57027</subfield>
    <subfield code="a">LBB</subfield>
    <subfield code="b">LBB</subfield>
    <subfield code="c">B534</subfield>
    <subfield code="d">2016-11-23</subfield>
    <subfield code="o">VEM KHE 2015 B534 Or.3</subfield>
    <subfield code="p">A04169</subfield>
    <subfield code="r">2016-11-23</subfield>
    <subfield code="w">2016-11-23</subfield>
    <subfield code="y">VEM</subfield>
  </datafield>
  <datafield tag="952" ind1=" " ind2=" ">
    <subfield code="0">0</subfield>
    <subfield code="1">0</subfield>
    <subfield code="2">ddc</subfield>
    <subfield code="4">0</subfield>
    <subfield code="6">VEM_KHE_2015_000000000000000_B534_OR_4</subfield>
    <subfield code="7">0</subfield>
    <subfield code="9">57028</subfield>
    <subfield code="a">LBB</subfield>
    <subfield code="b">LBB</subfield>
    <subfield code="c">B534</subfield>
    <subfield code="d">2016-11-23</subfield>
    <subfield code="o">VEM KHE 2015 B534 Or.4</subfield>
    <subfield code="p">A04401</subfield>
    <subfield code="r">2016-11-23</subfield>
    <subfield code="w">2016-11-23</subfield>
    <subfield code="y">VEM</subfield>
  </datafield>
  <datafield tag="952" ind1=" " ind2=" ">
    <subfield code="0">0</subfield>
    <subfield code="1">0</subfield>
    <subfield code="2">ddc</subfield>
    <subfield code="4">0</subfield>
    <subfield code="6">VEM_KHE_2015_000000000000000_B534_OR_5</subfield>
    <subfield code="7">0</subfield>
    <subfield code="9">57029</subfield>
    <subfield code="a">LBB</subfield>
    <subfield code="b">LBB</subfield>
    <subfield code="c">B534</subfield>
    <subfield code="d">2016-11-23</subfield>
    <subfield code="o">VEM KHE 2015 B534 Or.5</subfield>
    <subfield code="p">A04335</subfield>
    <subfield code="r">2016-11-23</subfield>
    <subfield code="w">2016-11-23</subfield>
    <subfield code="y">VEM</subfield>
  </datafield>
  <datafield tag="952" ind1=" " ind2=" ">
    <subfield code="0">0</subfield>
    <subfield code="1">0</subfield>
    <subfield code="2">ddc</subfield>
    <subfield code="4">0</subfield>
    <subfield code="6">VEM_KHE_2015_000000000000000_B534_OR_6</subfield>
    <subfield code="7">0</subfield>
    <subfield code="9">57030</subfield>
    <subfield code="a">LBB</subfield>
    <subfield code="b">LBB</subfield>
    <subfield code="c">B534</subfield>
    <subfield code="d">2016-11-23</subfield>
    <subfield code="o">VEM KHE 2015 B534 Or.6</subfield>
    <subfield code="p">A04403</subfield>
    <subfield code="r">2016-11-23</subfield>
    <subfield code="w">2016-11-23</subfield>
    <subfield code="y">VEM</subfield>
  </datafield>
  <datafield tag="952" ind1=" " ind2=" ">
    <subfield code="0">0</subfield>
    <subfield code="1">0</subfield>
    <subfield code="2">ddc</subfield>
    <subfield code="4">0</subfield>
    <subfield code="6">VEM_KHE_2015_000000000000000_B534_OR_7</subfield>
    <subfield code="7">0</subfield>
    <subfield code="9">57031</subfield>
    <subfield code="a">LBB</subfield>
    <subfield code="b">LBB</subfield>
    <subfield code="c">B534</subfield>
    <subfield code="d">2016-11-23</subfield>
    <subfield code="o">VEM KHE 2015 B534 Or.7</subfield>
    <subfield code="p">A03139</subfield>
    <subfield code="r">2016-11-23</subfield>
    <subfield code="w">2016-11-23</subfield>
    <subfield code="y">VEM</subfield>
  </datafield>
  <datafield tag="952" ind1=" " ind2=" ">
    <subfield code="0">0</subfield>
    <subfield code="1">0</subfield>
    <subfield code="2">ddc</subfield>
    <subfield code="4">0</subfield>
    <subfield code="6">VEM_KHE_2015_000000000000000_B534_OR_8</subfield>
    <subfield code="7">0</subfield>
    <subfield code="9">57032</subfield>
    <subfield code="a">LBB</subfield>
    <subfield code="b">LBB</subfield>
    <subfield code="c">B534</subfield>
    <subfield code="d">2016-11-23</subfield>
    <subfield code="o">VEM KHE 2015 B534 Or.8</subfield>
    <subfield code="p">A04251</subfield>
    <subfield code="r">2016-11-23</subfield>
    <subfield code="w">2016-11-23</subfield>
    <subfield code="y">VEM</subfield>
  </datafield>
</record>
